Sziget a szigeten
Elmentve itt :
| Szerző: | |
|---|---|
| További közreműködők: | |
| Dokumentumtípus: | Szakdolgozat |
| Megjelent: |
2003
|
| Tárgyszavak: | |
| Online Access: | http://diploma.bibl.u-szeged.hu/38122 |
| LEADER | 00555nta a2200157 i 4500 | ||
|---|---|---|---|
| 001 | dipl38122 | ||
| 005 | 20130411114032.0 | ||
| 008 | 130411s2003 hu om 0|| hun d | ||
| 040 | |a SZTE Diploma Repozitórium |b hun | ||
| 041 | |a hun | ||
| 100 | 1 | |a Fábián Zsuzsanna | |
| 245 | 1 | 0 | |a Sziget a szigeten |h [elektronikus dokumentum] / |c Zsuzsanna Fábián |
| 260 | |c 2003 | ||
| 650 | 4 | |a Bölcsészettudományok | |
| 700 | 1 | |a Zsolt Péter |e ths | |
| 856 | 4 | 0 | |u http://diploma.bibl.u-szeged.hu/id/eprint/38122/1/2003_fabian_zsuzsanna.pdf |z Dokumentum-elérés |